| 000 | 01179cam a22002054a 4500 | ||
|---|---|---|---|
| 005 | 20250605164231.0 | ||
| 008 | 250528s ||||||||||||||||||||||||d | ||
| 035 | _a20964 | ||
| 020 | _a9780471705642 | ||
| 040 |
_aGR-AtMCL _bgre _dGR-AtMCL _eAACR2 |
||
| 245 | 1 | _aMergers, Acquisitions, and Corporate Restructurings / Fourth Edition | |
| 250 | _a4th | ||
| 260 |
_bJohn Wiley And Sons, Inc, _c2007 |
||
| 300 | _a634 | ||
| 520 | _aAn indispensable tool in building a new generation of re-engineered companies with the power and resources to compete an a Global playing field. Preface, Background, Introduction, History of Mergers, Legal Framework, Merger Strategy, Hostile Takeovers, Antitakeover Measures, Takeover Tactics, Going Private Transactions and Leveraged Buyouts, Leveraged Buyouts, Trends in the Financing of Takeovers and Going Private Transactions, Employee Stock Ownership Plans, Corporate Restructuring, Corporate Restructuring, Restructuring in Bankruptcy, Corporate Governance, Joint Ventures and Strategic Alliances, Valuation, Tax Issues, Glossary, Index. | ||
| 700 | 1 |
_aGaughan Patric A _96957 |
|
| 942 | _cBK | ||
| 999 |
_c6041 _d6041 |
||